000 00677nam a22002537a 4500
003 OSt
005 20250403175606.0
008 250403b ||||| |||| 00| 0 spa d
020 _a9788497945158
040 _cCO-Mq BPB
041 _aspa
082 _aAC
_bPOEc
100 _aPoe, Edgar Allan
_d1809 -1849
_eautor
245 _aCuentos y Relatos
250 _aObra Completa
264 _aMadrid, España;
_bEdimat,
_c2021
300 _a351 páginas;
_bTapa dura
_c24 cm
490 _aVolumen III
650 _aFicción clásica
650 _aCuentos para adultos
650 _aRelatos
700 _aSevillano Ureta, María Jesús
_etraductora
942 _2ddc
_cBKLIT
999 _c15880
_d15880